000 00603nam a2200193Ia 4500
003 GCL
005 20240530102555.0
008 140319s9999 xx 000 0 ara d
040 _aGCL /
_cGCL
082 0 4 _a414
_bر ف
100 1 _aرجاء عيد
245 1 0 _aفلسفة البلاغة بين التقنية والتطور /
_cرجاء عيد
260 _a[ الاسكندرية ] :
_bمنشاة المعارف ،
_c1988
300 _a509 ص؛
_b24 سم
650 0 4 _aاللغة العربية
650 0 4 _aالبلاغة العربية
650 0 4 _aتاريخ ونقد
942 _2ddc
_cBK
999 _c33131
_d33131